000 01094cam8a220026500 4500
001 lce00789653
008 740923s1973 ohua b 101 0 eng
010 _a 72095851 //r86
035 _a(Sirsi) r58623
035 _a(DLC) 72095851 //r86
035 _a(UPRA)lce00789653
040 _dUPRA
050 0 _aTA418.42
_b.S28
082 _a620.1/126
245 0 4 _aThe Science of hardness testing and its research applications /
_cedited by J.H. Westbrook and H. Conrad.
260 _aMetals Park, OH :
_bAmerican Society for Metals,
_c[c1973]
500 _aBased on papers presented at a symposium of the American Society for Metals, Oct. 18-20, 1971.
504 _aIncludes bibliographical references.
650 0 _aHardness.
_6S12878.1
700 1 _aWestbrook, J. H. (Jack Hall), 1924-
_qWestbrook, J. H. (Jack Hall), 1924-
_dWestbrook, J. H. (Jack Hall), 1924-
_6A17845.1
700 1 _aConrad, Hans, 1922-
_dConrad, Hans, 1922-
_6A17846.1
710 2 _aAmerican Society for Metals.
_6A17372.1
949 _aTA418.42
_wlcc
_i33729001866164
_mMAIN
_p2500
_tBOOK
_lON-SHELF
004 58623
999 _c156109
_d156109